[Event "Rheinland Pfalz Seniors op 21st"]
[Site "Altenkirchen"]
[Date "2024.09.10"]
[Round "8"]
[White "Beitz, Joanne"]
[Black "Krueger, Antje Christine"]
[Result "0-1"]
[WhiteElo "1532"]
[BlackElo "1753"]
[PlyCount "132"]
[EventDate "2024.09.03"]
[EventType "swiss"]
[EventRounds "9"]
[EventCountry "GER"]
[SourceTitle "CB37_2024"]
[SourceDate "2024.09.11"]
[SourceVersion "1"]
[SourceVersionDate "2024.09.11"]
[SourceQuality "1"]

1. d4 Nf6 2. c4 g6 3. Nc3 Bg7 4. Bf4 d6 5. e3 0-0 6. Bd3 Nbd7 7. Nf3 c5 8. 0-0 cxd4 9. Nxd4 e5 10. Bg5 exd4 11. exd4 Qc7 12. Be3 b6 13. Qc2 Bb7 14. d5 Ne5 15. Be2 Rfe8 16. Nb5 Qd7 17. Rad1 Ba6 18. Na3 Rac8 19. f4 Neg4 20. Bd2 Ne3 21. Bxe3 Rxe3 22. Rd3 Rce8 23. Rd2 Qc8 24. Kh1 Ne4 25. Rdd1 Ng3+ 26. hxg3 Rxe2 27. Rd2 Rxd2 28. Qxd2 Qg4 29. Qf2 Qe2 30. Qxe2 Rxe2 31. b3 Rxa2 32. Nb1 Rb2 33. Re1 Bf8 34. Nc3 Rxb3 35. Ne2 Bxc4 36. Kh2 Bxd5 37. Rc1 Rb2 38. Re1 a6 39. g4 Bc4 40. Ng3 d5 41. f5 Bb5 42. Re5 Bd6 43. Rxd5 Bxg3+ 44. Kxg3 gxf5 45. Rd8+ Kg7 46. gxf5 Rb4 47. Rd6 Ba4 48. Kh3 Bb3 49. g4 Bc2 50. Kh4 Bxf5 51. Kh5 Bxg4+ 52. Kg5 Be6 53. Rd8 a5 54. Rb8 a4 55. Ra8 b5 56. Ra7 Rb3 57. Kf4 a3 58. Ke4 b4 59. Kd4 Rb1 60. Kc5 a2 61. Ra5 a1Q 62. Rxa1 Rxa1 63. Kxb4 h5 64. Kc3 h4 65. Kc2 Ra2+ 66. Kb1 h3 0-1